| 000 | 00409nam a22001457a 4500 | ||
|---|---|---|---|
| 082 |
_aP-290 _bP-290 |
||
| 100 |
_aWasif Bashir, syndicate no 4 _948212 |
||
| 245 |
_aFerrocement boat design, analysis and development _cWasif Bashir, Farrukh Zubair |
||
| 260 | _c2006 | ||
| 300 | _aVarious paging | ||
| 526 |
_a0 _b0 _c0 _dP_290_P290 |
||
| 650 | _aProject | ||
| 700 |
_aLec Sardar Khan _948213 |
||
| 942 |
_2ddc _cBK |
||
| 999 |
_c551219 _d551219 |
||